000 00643nam a22002177a 4500
003 OSt
005 20150408114135.0
008 130801s2012 nyui f a 00| 0 eng d
020 _a9781259009624
040 _aMa-Un
082 _222
_a612
_bGAR
245 1 0 _aGanong's review of medical physiology /
_c.[.Kim E. Barrett ... [et al
250 _a24th. ed.,
_b international ed
260 _aNew York ; Singapore : .
_bMcGraw-Hill,
_c2012
300 _aix, 752 p. : .
_bcol. ill. ;
_c28 cm
500 _aIncludes Index
504 _aIncludes bibliographic
650 _aPhysiology.
700 1 _a .Barrett,Kim E
_936268
942 _2ddc
_cDVD
999 _c30209
_d264709